| 000 | 00395pab a2200169 454500 | ||
|---|---|---|---|
| 008 | 180718b2008 xxu||||| |||| 00| 0 eng d | ||
| 100 | _aLal, Ashwini Kumar | ||
| 245 | _aClimatic change: combating global warming | ||
| 260 | _c2008 | ||
| 300 | _ap.23-26. | ||
| 362 | _aJun | ||
| 650 | _aGreenhouse effect | ||
| 650 | _aClimatic change | ||
| 773 | _aYojana | ||
| 908 | _aN | ||
| 909 | _a78522 | ||
| 999 |
_c78522 _d78522 |
||